00313cam a22000977a 4500008004000000082002300040245006600063260004300129300001000172700003300182180718b1971 xxu||||| |||| 00| 0 eng d aG22x54 In2/1967-70 aFourth Lok Sabha: souvenir, 1967-70cby Lok Sabha Secretariat aNew DelhibLok Sabha Secretariatc1971 a112+p aIndia. Lok Sabha Secretariat